UITU Library & LRC     

Discrete-Event Systems Simulation (Record no. 10621)

MARC details
000 -LEADER
fixed length control field 00581nam a2200217Ia 4500
003 - CONTROL NUMBER IDENTIFIER
control field OSt
005 - DATE AND TIME OF LATEST TRANSACTION
control field 20241101052332.0
008 - FIXED-LENGTH DATA ELEMENTS--GENERAL INFORMATION
fixed length control field 240925s9999 xx 000 0 und d
020 ## - INTERNATIONAL STANDARD BOOK NUMBER
International Standard Book Number 9788177585919
040 ## - CATALOGING SOURCE
Transcribing agency AACR 2
082 ## - DEWEY DECIMAL CLASSIFICATION NUMBER
Classification number 003.83 BAN
100 ## - MAIN ENTRY--PERSONAL NAME
Personal name Banks, Jerry
245 #0 - TITLE STATEMENT
Title Discrete-Event Systems Simulation
250 ## - EDITION STATEMENT
Edition statement 4th
260 ## - PUBLICATION, DISTRIBUTION, ETC.
Place of publication, distribution, etc. New Delhi:
Name of publisher, distributor, etc. Pearson Printice Hall
Date of publication, distribution, etc. ,2007.
300 ## - PHYSICAL DESCRIPTION
Extent vii,646p.
Other physical details N.A
Type of unit Original
500 ## - GENERAL NOTE
General note Includes Index
600 ## - SUBJECT ADDED ENTRY--PERSONAL NAME
Personal name Computer Science
650 ## - SUBJECT ADDED ENTRY--TOPICAL TERM
Topical term or geographic name entry element Computer science, information & general works
942 ## - ADDED ENTRY ELEMENTS (KOHA)
Koha item type Books
Source of classification or shelving scheme Dewey Decimal Classification
Holdings
Withdrawn status Lost status Damaged status Not for loan Collection Home library Current library Date acquired Source of acquisition Cost, normal purchase price Total checkouts Full call number Barcode Date last seen Date last checked out Price effective from Koha item type
        Computer Science UITU Library UITU Library 02/09/2010 NA 675.00 1 003.83 BAN Q8122 11/27/2025 10/30/2025 09/25/2024 Books

Powered by Koha